Movies Quiz

Random Movies or Decade Quiz

10 Actors, 3 Decades II Quiz Stats

 Plays Quiz Updated Jul 28, 2016

Challenge
Share
Tweet
Score 0/30 Timer 07:00
8 Plays Today
% Correct
Iron Man 3
96.3%
Gladiator
95.4%
Sherlock Holmes
93.9%
Men in Black
91.6%
Pulp Fiction
90.7%
The Sixth Sense
90.2%
Armageddon
84.8%
Batman v Superman: Dawn of Justice
83.1%
Chaplin
79.3%
Sin City
75.7%
Fight Club
75.7%
The Hunger Games: Catching Fire
74.2%
The Big Lebowski
70.8%
True Grit
68.7%
Les Misérables
67.5%
% Correct
The Hateful Eight
63.7%
No Country for Old Men
63.2%
Pearl Harbor
62.2%
Reservoir Dogs
62.1%
Lincoln
59.7%
Snakes on a Plane
54.3%
Birdman or (The Unexpected Virtue of Ignorance)
50.6%
The Illusionist
49.1%
National Treasure
46.2%
Doubt
41.4%
Boogie Nights
40.9%
Looper
33.4%
L.A. Confidential
32.9%
Crazy Heart
28.6%
Grand Budapest Hotel
20.7%

You're not logged in!

Compare scores with friends on all Sporcle quizzes.
Join for Free
OR
Log In

You Might Also Like...

Show Comments

Extras

Top Quizzes Today


Score Distribution

Your Account Isn't Verified!

In order to create a playlist on Sporcle, you need to verify the email address you used during registration. Go to your Sporcle Settings to finish the process.

Report this User

Report this user for behavior that violates our Community Guidelines.

Details: